000
00278nam a2200121 a 4500
005
20141022142007.0
008
100913s19uu xx 00 eng d
050
_a
CD-ROM
_b
C67 2003
245
_a
Microeconomics.
650
_a
CD-ROM
650
_a
Microeconomics
942
_c
AVM
999
_c
276561
_d
276561